| 000 | 00491nam a22001817a 4500 | ||
|---|---|---|---|
| 005 | 20251108173451.0 | ||
| 008 | 250721s2006 xx 000 0 ara d | ||
| 082 | 1 | 4 | _a306/ يوس |
| 100 | 1 | _aيوسف، نزار | |
| 245 | 1 | 0 | _aالحكمة بين الإله و السلطان / |
| 264 | 1 |
_aدمشق : _bدار الفرقد، _c2006. |
|
| 300 | _a477ص. | ||
| 650 | 1 | 7 | _aالحكمة |
| 650 | 1 | 7 | _aالثقافة |
| 650 | 1 | 7 | _aالحضارات |
| 942 |
_2ddc _cBK |
||
| 999 |
_c104582 _d104582 |
||